| 000 | 00688cam a2200205 4500 | ||
|---|---|---|---|
| 008 | 090224t19911991mx 000 0 spa u | ||
| 020 | _a9688350990 | ||
| 035 | _aa479353 | ||
| 050 | 0 | 4 |
_aJL1299 .M4 _bS36 1991 |
| 100 | 1 |
_aSánchez García, Alfonso, _d1927- |
|
| 245 |
_aOcaso y final del círculo rojinegro / _cAlfonso Sánchez García. |
||
| 250 | _a1a ed. | ||
| 260 |
_aMéxico _:Universidad Autónoma del Estado de México, _cc1991 |
||
| 300 |
_a77 p. _bil. ; _c20 cm. |
||
| 440 | 0 |
_aColección Historia ; _v10 |
|
| 505 | _aRec. esc. | ||
| 650 | 7 |
_aPartidos políticos _zMéxico (Estado) _2LEMB |
|
| 651 | 7 |
_aMéxico (Estado) _xPolítica y Gobierno _2LEMB |
|
| 942 |
_2lcc _cLIB |
||
| 999 |
_c69757 _d69757 |
||